| 000 | 00576nam a2200169 i 4500 | ||
|---|---|---|---|
| 001 | 127947 | ||
| 003 | ES-MaACL | ||
| 005 | 20230906193127.0 | ||
| 007 | t| | ||
| 008 | 070214s1949 ag r ||||1| spa d | ||
| 100 | 1 |
_aRivero Astengo, Agustín P. _997691 |
|
| 245 | 1 | 0 |
_aSören Kierkegaard _b: el buscador de Dios : (ensayo histórico-filosófico) / _cAgustín P. Rivero Astengo. |
| 260 |
_aBuenos Aires : _bEmecé, _c1949. |
||
| 300 |
_a101 p., 1 lám. = retr. aut. ; _c18 cm. |
||
| 600 | 1 | 4 |
_aKierkegaard, Søren ( _d1813-1855) _968014 |
| 852 |
_aES-MaACL _jB-7386 _bR.29304 |
||
| 999 |
_c127947 _d127947 |
||